| 000 | 00774nam a22002653a 4500 | ||
|---|---|---|---|
| 001 | 34326 | ||
| 003 | BD-RjUL | ||
| 005 | 20211209052136.0 | ||
| 008 | 140515r19531926e 001 0 eng d | ||
| 035 | _a(BD-RjUL)34420 | ||
| 040 |
_aBD-RjUL _beng _cBD-RjUL _dBD-RjUL |
||
| 041 | _aeng | ||
| 082 |
_a488.6421 _bPLP 1953 |
||
| 100 | 0 |
_aPlato. _9104378 |
|
| 245 | 1 | 0 |
_aPlato with an English translation / _cby H.N.Fowler |
| 260 |
_aLondon : _c1926 [Reprinted 1953]. _bHarverd Unversity Press, |
||
| 300 |
_avii, 167 p. ; _c16 cm |
||
| 490 | 1 |
_aLoeb classical library ; _v6 |
|
| 504 | _aIncludes index. | ||
| 650 |
_aGreek literature _9104379 |
||
| 830 | 0 |
_v165. _9105706 |
|
| 700 |
_a H.N.Fowler _9104381 |
||
| 830 | 0 |
_aLoeb classical library ; _9105707 |
|
| 942 |
_2ddc _cBK |
||
| 999 |
_c34326 _d34326 |
||